Sinfonía y ballet: idea y gesto en la música y danza contemporáneas
Uloženo v:
| Hlavní autor: | |
|---|---|
| Médium: | Kniha |
| Jazyk: | španělština |
| Vydáno: |
Madrid
Mundo Latino
1929
|
| Témata: | |
| Tagy: |
Přidat tag
Žádné tagy, Buďte první, kdo vytvoří štítek k tomuto záznamu!
|
MARC
| LEADER | 00000nam a2200000 a 4500 | ||
|---|---|---|---|
| 001 | UCN2943 | ||
| 003 | CL-VaPUC | ||
| 008 | 010615e19290000SP |||||||||||||||||spa|d | ||
| 082 | 0 | 4 | |a 780.904 |b SAL |2 21 |
| 100 | 0 | |a Salazar, Adolfo |e author |9 459264 | |
| 245 | 1 | 0 | |a Sinfonía y ballet: idea y gesto en la música y danza contemporáneas |
| 300 | |a 422 p | ||
| 942 | |c BK | ||
| 945 | |d 20010615 00:00:00 |a crobeson | ||
| 260 | |a Madrid |b Mundo Latino |c 1929 | ||
| 650 | 0 | |a Música contemporánea |9 306742 | |
| 650 | 7 | |a MUSICA HISTORIA |2 CL-VaPUC |9 306301 | |
| 650 | 7 | |a BALLET HISTORIA |2 CL-VaPUC |9 459265 | |
| 583 | |a last modification |c 20010615 00:00:00 |k Rodrigo Vera | ||
| 999 | |c 295959 |d 295957 | ||
| 952 | |0 0 |1 0 |4 0 |6 780_904000000000000_SAL_1929 |7 0 |8 A |9 349416 |a BIBEDU |b BIBEDU |d 2019-11-20 |i 1186507 |o 780.904 SAL 1929 |p 1186507 |r 2022-01-17 |w 2019-11-20 |y BK |k MUS | ||